| 000 | 00386nam a2200133Ia 4500 | ||
|---|---|---|---|
| 008 | 231017s9999 xx 000 0 und d | ||
| 082 | _a624.068 | ||
| 082 | _bSIL | ||
| 245 | 0 | _aDevelopment of a Decision Model for Selection of Appropriate Timely Delivery Techniques for Highway Projects | |
| 245 | 0 | _cDavid N. Sillars | |
| 260 | _bDavid N. Sillars | ||
| 300 | _c30cm | ||
| 942 | _cREP | ||
| 999 |
_c604053 _d604053 |
||